000
00452nam a2200169Ia 4500
008
090711s9999 xx 000 0 und d
082
_b
35822
100
_a
बोराडे रा. रं.
245
_a
माळरान
260
_c
1976
300
_a
132
600
_a
बोराडे रा. रं.
630
_a
माळरान
700
_a
बोराडे रा. रं.
730
_a
माळरान
942
_c
BOOK
999
_c
309335
_d
309335